Pokemon with Highest Sp. Atk. Stats (Non-Legendaries) - Statistics

General Stats
  • This quiz has been taken 27 times
  • The average score is 42 of 52
Answer Stats
Type Answer % Correct
Psychic Alakazam
100%
Fire/Fighting Blaziken
100%
Psychic/Fairy Gardevoir
100%
Ghost/Poison Gengar
100%
Electric/Steel Magnezone
100%
Dragon/Flying Salamence
100%
Steel/Ghost Aegislash
92%
Ghost/Fire Chandelure
92%
Fire/Psychic Delphox
92%
Normal/Dragon Drampa
92%
Psychic Espeon
92%
Grass/Psychic Exeggutor
92%
Grass/Dragon Exeggutor
92%
Ice Glaceon
92%
Ghost/Poison Haunter
92%
Dark/Fire Houndoom
92%
Dark/Dragon Hydreigon
92%
Ice/Psychic Jynx
92%
Fighting/Steel Lucario
92%
Electric/Steel Magneton
92%
Water/Fairy Primarina
92%
Poison/Fire Salazzle
92%
Bug/Electric Vikavolt
92%
Grass/Poison Vileplume
92%
Bug/Fire Volcarona
92%
Rock/Flying Archeops
85%
Grass/Dark Cacturne
85%
Fire/Psychic Darmanitan
85%
Water/Steel Empoleon
85%
Electric Jolteon
85%
Psychic Kadabra
85%
Water/Rock Omastar
85%
Psychic Reuniclus
85%
Fairy/Flying Togekiss
85%
Fairy Florges
77%
Fairy Sylveon
77%
Water Vaporeon
77%
Dragon Goodra
69%
Grass/Poison Roserade
69%
Grass Tangrowth
69%
Water Wishiwashi
69%
Bug/Flying Yanmega
69%
Electric Ampharos
62%
Psychic Beheeyem
62%
Fire Magmortar
62%
Ice Vanilluxe
54%
Dark Zoroark
54%
Psychic Duosion
46%
Grass Lilligant
46%
Normal Porygon-Z
46%
Water Gorebyss
38%
Water Clawitzer
31%
No matching quizzes found
Score Distribution
Percent of People with Each Score
Percentile by Number Answered
Your Score History
You have not taken this quiz